000 00433nam a2200205Ia 4500
001 001164
003 YMCAF
005 20230512160050.0
008 100717s1972 ||||||||||||||||| ||und|d
024 _a1164
035 _a1146
040 _aYMCAF
_beng
_cIN-KoLT
041 _aeng
082 _aALM-I.S
100 _aI.S.I. 5897-1970
245 0 _aALMINIUM AND ALUMINIUMALLOY
260 _c1972
300 _a20
942 _2ddc
_cBK
999 _c939
_d939